| 000 | 00623nam a2200193 a 4500 | ||
|---|---|---|---|
| 005 | 20240925064917.0 | ||
| 008 | 991125s1995 mad 000 0 spa u | ||
| 020 | _a8474775019 | ||
| 035 | _aUPN01000043478 | ||
| 049 | _aCG | ||
| 050 | 4 |
_aLB1060 _bP3.6 |
|
| 245 | 0 | 3 |
_aEl papel de la psicología del aprendizaje en la formación inicial del profesorado / _ccomp. M. Rodríguez Moneo. |
| 260 |
_aMadrid : _bUniversidad Autónoma de Madrid, _c1995. |
||
| 300 | _a198 p. | ||
| 440 | 0 |
_aCuadernos del ICE ; _v12 |
|
| 650 | 4 |
_aPsicología del aprendizaje _95221 |
|
| 700 | 1 |
_aRodríguez Moneo, María, _ecomp. |
|
| 905 | _aLibro | ||
| 999 |
_c43478 _d43478 |
||